000 00814nam a22002897a 4500
001 BR9210048
003 BR-BrBNA
005 20230928093729.0
007 ta
008 230509b bl.||||| |||| 00| 0 por d
040 _aBR-BrBNA
_bpor
_cBiblioteca Nacional de Agricultura
041 _a(Eng)
072 _aK10
090 _ K10 BR9210048
100 1 _aMotta, R.S. da
100 1 _aMay, P.H.
110 1 _aInstituto de Pesquisa Economica Aplicada, Brasilia, DF (Brasil)
245 1 _aLoss in forest resource values due to agricultural land conversion in Brazil
260 3 _aBrasilia, DF (Brasil):
_c1992.
300 _a23 p.
500 _a18 ref.
650 _aRecurso Florestal
650 _aCusto de Producao
650 _aDesmatamento
909 _a202309
_bLucia
_c55
_dLucia Elande
942 _cBK
999 _c46755
_d46755